| 000 | 00698nam a22002657a 4500 | ||
|---|---|---|---|
| 001 | 32729 | ||
| 003 | UA-OsUOA | ||
| 005 | 20220704235118.0 | ||
| 007 | ta | ||
| 008 | 20050210b un ||||| |||| 00| 0 ukr d | ||
| 040 |
_aUA-OsUOA _brus _cUA-OsUOA _dUA-OsUOA |
||
| 041 | _arus | ||
| 044 | _aRU | ||
| 080 | _a821.161.1 | ||
| 090 |
_a821.161.1 _bТ53 |
||
| 100 | _aТолстой Л. | ||
| 245 | _aВойна и мир | ||
| 260 |
_aМосква _bХудожественная литература _c1968 |
||
| 300 |
_a720 с. _bІлюстрації |
||
| 505 | _gт. 3-4 | ||
| 650 | 7 | _2UDC | |
| 942 |
_cBK _2udc |
||
| 955 | _a0 | ||
| 999 |
_c319180 _d319180 |
||